| 000 | 00722nam a2200241 i 4500 | ||
|---|---|---|---|
| 001 | 5502 | ||
| 003 | ES-MaACL | ||
| 005 | 20231002130100.0 | ||
| 007 | t| | ||
| 008 | 881020s1971 sp |||| | spa d | ||
| 080 | _a55.08 | ||
| 100 | 1 |
_aParasnis, D. S. _988938 |
|
| 245 | 1 | 0 |
_aGeofísica minera / _cD.S.Parasnis ; traducción, adaptación y notas de Ernesto Orellana. |
| 260 |
_aMadrid : _bParaninfo, _c1971. |
||
| 300 |
_a376 p. ; _c22 cm. |
||
| 500 | _aBibliografía. Índice. | ||
| 650 | 4 |
_aGeofísica. _9136172 |
|
| 700 | 1 |
_aOrellana, Ernesto. _987224 |
|
| 852 |
_aES-MaACL _jL-12205 _95625 _cDEPO2 |
||
| 852 |
_aES-MaACL _9122481 _bR.78787 _jC-38476/Ej.1 _cDEPO2 |
||
| 942 | _2udc | ||
| 999 |
_c5502 _d5502 |
||